[Event "Penang op 15th"]
[Site "Penang"]
[Date "2023.12.18"]
[Round "2"]
[White "Leong, Joel"]
[Black "Mishra, Soumyaranjan"]
[Result "0-1"]
[WhiteElo "1823"]
[BlackElo "2169"]
[PlyCount "99"]
[EventDate "2023.12.18"]
[EventType "swiss"]
[EventRounds "9"]
[EventCountry "MAS"]
[SourceTitle "CB52_2023"]
[SourceDate "2023.12.27"]
[SourceVersion "1"]
[SourceVersionDate "2023.12.27"]
[SourceQuality "1"]

1. d4 Nf6 2. c4 e6 3. Nc3 Bb4 4. e3 0-0 5. Bd3 d5 6. Nge2 c5 7. cxd5 exd5 8. 0-0 Nc6 9. a3 cxd4 10. axb4 dxc3 11. bxc3 Qc7 12. h3 Ne5 13. Bb2 Rd8 14. Nd4 Bd7 15. Qc2 Qb6 16. Ra2 Rac8 17. Rfa1 a6 18. Bf5 Nc4 19. Bd3 Rc7 20. Nb3 Bb5 21. Nd2 Nxe3 22. Qb1 Nd1 23. Bxh7+ Nxh7 24. Qxd1 Re7 25. Nb3 Bc4 26. Ba3 Rde8 27. Rb2 Bxb3 28. Rxb3 Re2 29. Qf1 Ng5 30. Rb2 R2e5 31. b5 Qg6 32. Kh1 a5 33. Bc5 Ne4 34. Bd4 Rf5 35. Qd1 b6 36. Re2 Re6 37. Rc1 Qh5 38. Rec2 Qh6 39. Be3 Ng3+ 40. Kh2 Rxe3 41. Qg4 Rd3 42. fxg3 g6 43. c4 dxc4 44. Rxc4 Qg5 45. Rc8+ Kg7 46. Qe4 Qxg3+ 47. Kh1 Re5 48. Qa4 Rd2 49. Rg1 Rxg2 50. Rxg2 0-1

[Event "Penang op 15th"]
[Site "Penang"]
[Date "2023.12.18"]
[Round "1"]
[White "Tee, Yi Siang Isaac Jens"]
[Black "Leong, Joel"]
[Result "0-1"]
[WhiteElo "1328"]
[BlackElo "1823"]
[PlyCount "50"]
[EventDate "2023.12.18"]
[EventType "swiss"]
[EventRounds "9"]
[EventCountry "MAS"]
[SourceTitle "CB52_2023"]
[SourceDate "2023.12.27"]
[SourceVersion "1"]
[SourceVersionDate "2023.12.27"]
[SourceQuality "1"]

1. c4 f5 2. g3 Nf6 3. Bg2 g6 4. b3 Bg7 5. Bb2 d6 6. Nf3 0-0 7. 0-0 e5 8. d3 c6 9. b4 a6 10. Nbd2 h6 11. a4 Qe8 12. Qc2 e4 13. Nd4 e3 14. N2b3 c5 15. bxc5 exf2+ 16. Kh1 Ng4 17. Qd2 h5 18. Bd5+ Kh7 19. e4 Bh6 20. Qe2 f4 21. Bc1 fxg3 22. hxg3 Qe5 23. Nf3 Qxg3 24. Nbd4 Qh3+ 25. Nh2 Qxh2# 0-1